[Event "Florianopolis op 9th"]
[Site "Florianopolis"]
[Date "2023.01.28"]
[Round "9"]
[White "Dubrovich, Igor"]
[Black "Encina, Adrian Andres"]
[Result "1-0"]
[WhiteElo "1962"]
[BlackElo "1787"]
[PlyCount "101"]
[EventDate "2023.01.23"]
[EventType "swiss"]
[EventRounds "10"]
[EventCountry "BRA"]
[SourceTitle "CBM 212 Extra"]
[Source "ChessBase"]
[SourceDate "2023.03.31"]
[SourceVersion "1"]
[SourceVersionDate "2023.03.31"]
[SourceQuality "1"]

1. e4 e5 2. Nf3 Nc6 3. Bb5 a6 4. Ba4 Nf6 5. d3 Bc5 6. c3 d5 7. Nxe5 0-0 8. Bxc6 bxc6 9. 0-0 Qe8 10. d4 Nxe4 11. Nd2 Nxd2 12. Bxd2 Bd6 13. Re1 f6 14. Nd3 Qg6 15. Bf4 Bg4 16. f3 Bh3 17. Qd2 Bxg2 18. Qxg2 Qxd3 19. Bxd6 cxd6 20. Re7 Rf7 21. Rae1 Kf8 22. R7e6 Rd7 23. Kh1 Kf7 24. R6e3 Qf5 25. Qe2 Raa7 26. Re8 g5 27. b4 Kg7 28. a4 h5 29. Qf2 Kf7 30. Qe3 h4 31. Kg2 Kg7 32. h3 Qc2+ 33. Re2 Qf5 34. Qf2 Rf7 35. Qe1 Qf4 36. Rc8 Rac7 37. Ree8 Rxc8 38. Rxc8 Qf5 39. Rxc6 Qd7 40. Rxa6 Re7 41. Qd2 Qe8 42. Qd3 Re2+ 43. Kf1 Re1+ 44. Kf2 Ra1 45. Ra7+ Kf8 46. Qe2 Qxe2+ 47. Kxe2 Rh1 48. b5 Rxh3 49. b6 Rh2+ 50. Ke3 Rb2 51. b7 1-0

[Event "Florianopolis op 9th"]
[Site "Florianopolis"]
[Date "2023.01.28"]
[Round "8"]
[White "Encina, Adrian Andres"]
[Black "Malanowski, Lara Carolina"]
[Result "1-0"]
[WhiteElo "1787"]
[BlackElo "1544"]
[PlyCount "101"]
[EventDate "2023.01.23"]
[EventType "swiss"]
[EventRounds "10"]
[EventCountry "BRA"]
[SourceTitle "CBM 212 Extra"]
[Source "ChessBase"]
[SourceDate "2023.03.31"]
[SourceVersion "1"]
[SourceVersionDate "2023.03.31"]
[SourceQuality "1"]

1. e4 c5 2. Nf3 d6 3. d4 cxd4 4. Nxd4 Nf6 5. Nc3 g6 6. Be3 Bg7 7. f3 0-0 8. Qd2 Nc6 9. g4 Ne5 10. g5 Nh5 11. 0-0-0 Bd7 12. Be2 b5 13. Ndxb5 Bxb5 14. Nxb5 Qb8 15. f4 Ng4 16. Bxg4 Qxb5 17. Bd4 e5 18. fxe5 dxe5 19. Bc3 Nf4 20. Bd7 Qc4 21. Rhe1 Qxa2 22. b3 Rfd8 23. Qd6 Bf8 24. Qc6 Qa3+ 25. Bb2 Qa5 26. Qb5 Qxb5 27. Bxb5 Bb4 28. Rxd8+ Rxd8 29. Rd1 Rxd1+ 30. Kxd1 Bd6 31. c3 Nh3 32. Kd2 Nxg5 33. Bc6 Ne6 34. Kd3 Nc5+ 35. Kc4 f5 36. exf5 gxf5 37. Kd5 Bf8 38. Kc4 e4 39. Bc1 Nd3 40. Bd5+ Kg7 41. Be3 a5 42. Bb6 Nf4 43. Bc6 Ne6 44. Bxa5 e3 45. Bf3 Ng5 46. Bd1 f4 47. Bb6 Kf6 48. Bg4 Ke5 49. Kd3 Ne4 50. Bd4+ Kd6 51. Kxe4 1-0

[Event "Florianopolis op 6th"]
[Site "Florianopolis"]
[Date "2020.01.25"]
[Round "9"]
[White "Encina, Adrian Andres"]
[Black "Reichert, Thiago da Cruz"]
[Result "0-1"]
[WhiteElo "1740"]
[BlackElo "1948"]
[PlyCount "50"]
[EventDate "2020.01.20"]
[EventType "swiss"]
[EventRounds "10"]
[EventCountry "BRA"]
[SourceTitle "CBM 194 Extra"]
[Source "ChessBase"]
[SourceDate "2020.03.31"]
[SourceVersion "1"]
[SourceVersionDate "2020.03.31"]
[SourceQuality "1"]

1. e4 e6 2. d4 d5 3. e5 c5 4. c3 Nc6 5. Nf3 Qb6 6. Be2 Bd7 7. 0-0 Rc8 8. a3 a5 9. dxc5 Bxc5 10. Bd3 h6 11. Nbd2 a4 12. c4 Nge7 13. cxd5 exd5 14. e6 fxe6 15. Nh4 0-0 16. Qh5 Bxf2+ 17. Kh1 Bxh4 18. Qxh4 Qd4 19. Qh3 Ne5 20. Be2 Rxf1+ 21. Nxf1 Qf2 22. Bd3 Nxd3 23. Bxh6 Rc1 24. Rxc1 Nxc1 25. g3 d4 0-1

[Event "Santa Fe Rafaela U2200 op"]
[Site "Santa Fe"]
[Date "2019.05.04"]
[Round "3.10"]
[White "Encina, Adrian Andres"]
[Black "Hevia, Geronimo"]
[Result "1/2-1/2"]
[WhiteElo "1812"]
[BlackElo "1515"]
[PlyCount "88"]
[EventDate "2019.05.04"]
[EventType "swiss"]
[EventRounds "6"]
[EventCountry "ARG"]
[SourceTitle "EXT 2024"]
[Source "ChessBase"]
[SourceDate "2023.10.10"]
[SourceVersion "1"]
[SourceVersionDate "2023.10.10"]
[SourceQuality "1"]

1. e4 c5 2. Nf3 Nc6 3. Bb5 g6 4. c3 Bg7 5. d4 cxd4 6. cxd4 Nf6 7. Nc3 d5 8. e5 Ne4 9. 0-0 0-0 10. Re1 Nxc3 11. bxc3 Bd7 12. Bxc6 bxc6 13. Nd2 Qa5 14. Nb3 Qxc3 15. Ba3 Bh6 16. Bxe7 Rfe8 17. Bd6 Bf5 18. Qe2 f6 19. Red1 fxe5 20. Bxe5 Bf4 21. Qa6 Bxe5 22. dxe5 Rxe5 23. Rac1 Qb4 24. Nd4 Rae8 25. Nxc6 Re1+ 26. Rxe1 Rxe1+ 27. Rxe1 Qxe1+ 28. Qf1 Qxf1+ 29. Kxf1 Bd3+ 30. Ke1 Bc4 31. Nxa7 Bxa2 32. Ke2 Kf7 33. Ke3 Ke6 34. Nb5 Bc4 35. Nc3 Ke5 36. f4+ Kf5 37. g3 h5 38. Nd1 Kg4 39. Nf2+ Kf5 40. h3 Kf6 41. g4 hxg4 42. hxg4 g5 43. f5 Bb5 44. Nd3 Bd7 1/2-1/2

[Event "Malabrigo op"]
[Site "Malabrigo"]
[Date "2019.02.10"]
[Round "5"]
[White "Encina, Adrian Andres"]
[Black "Gomez Benitez, Pedro"]
[Result "1/2-1/2"]
[WhiteElo "1722"]
[BlackElo "2032"]
[PlyCount "111"]
[EventDate "2019.02.09"]
[EventType "swiss"]
[EventRounds "6"]
[EventCountry "ARG"]
[SourceTitle "CBM 189 Extra"]
[Source "ChessBase"]
[SourceDate "2019.06.03"]
[SourceVersion "1"]
[SourceVersionDate "2019.06.03"]
[SourceQuality "1"]

1. e4 c6 2. d4 d5 3. e5 c5 4. Nf3 Nc6 5. dxc5 e6 6. Bb5 Bxc5 7. 0-0 Nge7 8. c4 a6 9. Bxc6+ bxc6 10. cxd5 cxd5 11. b4 Ba7 12. Nc3 0-0 13. Bb2 Bb7 14. Na4 Nf5 15. Nd4 Nxd4 16. Bxd4 Bc6 17. Bxa7 Rxa7 18. Qd4 Qb8 19. Nc5 Bb5 20. Rfe1 Rc8 21. a4 Bc4 22. Rab1 Rac7 23. a5 Qb5 24. f4 Qe8 25. Re3 Qe7 26. Rf3 g6 27. Rh3 Rxc5 28. bxc5 Qxc5 29. Qxc5 Rxc5 30. Ra3 Bb5 31. Rb2 d4 32. Kf2 f6 33. exf6 Kf7 34. g4 Kxf6 35. Raa2 g5 36. fxg5+ Kxg5 37. h3 Rc3 38. Rxb5+ axb5 39. a6 Rc8 40. a7 Ra8 41. Kg3 b4 42. h4+ Kf6 43. Kf4 b3 44. g5+ Kg6 45. Ra6 Kf7 46. h5 b2 47. g6+ hxg6 48. hxg6+ Kf6 49. Rb6 Rxa7 50. Rxb2 Rd7 51. Rg2 d3 52. Ke3 d2 53. Rxd2 Rxd2 54. Kxd2 Kxg6 55. Ke3 Kf5 56. Kf3 1/2-1/2